[Event "FIDE-Wch"]
[Site "Elista"]
[Date "1996.07.02"]
[Round "14"]
[White "Kamsky, Gata"]
[Black "Karpov, Anatoly"]
[Result "0-1"]
[WhiteElo "2735"]
[BlackElo "2770"]
[Annotator "Gurevich,Mikhail"]
[PlyCount "122"]
[EventDate "1996.06.06"]
[EventType "match"]
[EventRounds "18"]
[EventCountry "RUS"]
[SourceTitle "CBM 054"]
[Source "ChessBase"]
[SourceDate "1996.10.01"]
[SourceVersion "1"]
[SourceVersionDate "1996.10.01"]
[SourceQuality "1"]

1. d4 {Ftacnik Baburin Karpov Christiansen} Nf6 2. c4 e6 3. Nc3 Bb4 4. e3 c5 5. Bd3 Nc6 6. Nge2 cxd4 7. exd4 d5 8. cxd5 Nxd5 9. O-O Bd6 $5 {[10...h4]} (9... O-O 10. Bc2 Bd6) 10. Ne4 Be7 {[×d5]} 11. a3 O-O 12. Bc2 (12. b4 {Ftacnik} b6 13. Bb2 Bb7) 12... Qc7 {[13...d8,c8-d7-e8]  f8-d8} (12... b6 13. Qd3 g6 (13... f5 14. N4c3 Bf6 15. Bb3 Nc7 16. Rd1 Kh8 17. Qh3 Re8 18. Bf4 Qe7 19. Bxc7 Qxc7 20. d5 Na5 21. Ba2 Nc4 22. Rac1 Nxb2 23. d6 Qd7 24. Rd2 Na4 25. Nxa4 Qxa4 26. Bb3 Qb5 {½-½ Kjeldsen,J-Christensen,T/DEN-chB/1989/}) 14. Bh6 Re8 (14... Re8 {Ftacnik} 15. Rac1 (15. Rad1 Bb7 16. f4 (16. Rfe1 Rc8 17. Bb1 (17. Bb3 a6 18. N2g3 Nb8 $6 (18... Na5 19. Ba2 f5 20. Nc3 Bf6) (18... Bh4 { ce7}) 19. Qf3 (19. Nh5 f5 20. Nc3 Bg5 21. Rxe6 Rxe6 22. Bxg5 Qxg5 23. Nxd5 Kh8 24. Nhf4 $13) 19... Rc7 (19... Bh4 $140 20. Nh5 $2 gxh5 21. Qxh5 f5 $13) 20. Nh5 $1 Nd7 (20... f5 21. Nc3 $16 Nxc3 $140 $2 22. Bxe6+ Kh8 23. Bg7#) 21. h4 $1 {1-0 Kamsky,G-Short,N (05)/PCA-WchQual2 Linares/1994/ (26)}) (17. N2c3 Na5 18. Qg3 Nc4 19. Ba4 Bc6 20. Bb3 Nxc3 21. bxc3 Bxe4 22. Rxe4 Nd6 {Shirov,A-Psakhis,L/Klaipeda/1988/}) 17... Na5 18. Ba2 { b4} Nf6 19. Nxf6+ (19. N4c3 Qc7 20. Nb5 Qd7 21. Nf4 Be4 22. Qf1 Bc2 23. d5 e5 24. d6 Bxd1 25. Rxd1 Bd8 26. Nd5 Nxd5 27. Bxd5 {Chuchelov,V-Yakovich,Y/Leeuwarden op (07)/1995/½-½ (69)}) 19... Bxf6 20. Nf4 { b4} Bg5 21. Nxe6 Rxe6 (21... fxe6 22. Rxe6 Rxe6 23. Bxe6+ Kh8 24. Bxc8 $16) 22. Rxe6 Bxh6 23. Rxg6+ Bg7 24. Rg4 Qf6 25. Bb1 h6 {½-½ Wessman,R-Moutousis,K/EU-chT Haifa (04)/1989/ (46)}) 16... Qc8 17. Ba4 a6 18. Bg5 f6 19. Bh4 f5 20. Ng5 b5 21. Bb3 Na5 22. Rc1 Qd7 23. Ba2 Rac8 24. Kf2 Bd6 25. Bg3 h6 26. Nf3 Nf6 27. Kg1 Bd5 {0-1 Rodriguez,J-Panno,O/ARG-ch (04)/1989/ (47)}) 15... Bb7 16. Rfd1 Rc8 17. Qg3 Nf6 18. Ng5 (18. Nxf6+ Bxf6 19. Be4 Nxd4 $1 20. Rxd4 Rxc1+ 21. Bxc1 Bxd4 22. Bxb7 Bxb2 $1) 18... Qd6 19. Qh4 Na5 (19... Bf8 $5) 20. Nf4 {0-1 Semkov,S-Psakhis,L/Erevan/1988 (27)  21.f7! f7 22.g6! hg6 23.g6!+-})) 13. Qd3 Rd8 {0.10-0.35} (13... g6 14. h4 $1) 14. Ng5 {TN} (14. Rd1 h6 15. N4c3 Nf6 16. Qc4 a6 17. Bf4 Bd6 18. Bxd6 Qxd6 19. Ne4 Nxe4 20. Bxe4 Ne7 21. Rac1 $14 {Iskusnyh,S-Ruban,V Kemerovo 1995}) (14. N4c3 g6 15. Bb3 Nxc3 16. Qxc3 Bf6 17. Rd1 Qe7 18. Be3 Bd7 19. Qe1 Be8 20. Rd2 Rac8 21. Ba2 b6 22. Rc1 Na5 23. b4 Nb7 24. Rdc2 Rxc2 25. Rxc2 Nd6 {Jelen,Ig-Cebalo,M/Bled op (02)/1995/½-½ (66)}) 14... g6 15. Bb3 $6 {Makes the impression of being wrong, since white has little chance to penetrate along the a2-g8 diagonal.} (15. Qh3 $5 Nf6 {(16...e5)} (15... Bxg5 16. Bxg5 f6 17. Bh6 (17. Bh4 Nf4 18. Nxf4 Qxf4 $15) (17. Bd2 e5 18. Qf3 exd4 19. Bb3 Qf7 20. Nf4 $44) 17... e5 18. Qf3 exd4 (18... Nxd4 19. Nxd4 exd4 20. Bb3 Be6 21. Rad1 $5 $36) 19. Bb3 Qf7 20. Rad1 $36) 16. Bf4 e5 (16... Qb6 17. Be5 $36) (16... Bd6 17. Bxd6 Qxd6 18. Rad1 e5 19. Qb3 $13 (19. Qh4 $5 exd4 20. Bb3 $36)) 17. Qb3 exf4 18. Bxg6 $1 (18. Qxf7+ Kh8 19. Nxh7 Nxh7 20. Nxf4 Bf5 $17 21. Bxf5 Qxf4 22. Qxg6 Nf8 $17) 18... hxg6 (18... Nxd4 19. Qxf7+ Kh8 20. Nxd4 Rxd4 21. Rae1 $40) 19. Qxf7+ Kh8 20. Qxg6 Rf8 21. Qh6+ Kg8 22. Qg6+ Kh8 $10 23. d5 $6 Ne5 24. Qh6+ Kg8 25. Nxf4 Neg4 26. Qg6+ Kh8 $15) (15. h4 $6 e5 {(16...f5)} (15... Ncb4 $2 16. axb4 Nxb4 17. Qf3 $16) 16. Qf3 Nf6 17. Bb3 Bg4 18. Bxf7+ Kh8 19. Qd3 Nxd4 $13 (19... Bxe2 20. Qxe2 Nxd4 21. Qc4 $13)) (15. Qh3 $5 {Baburin}) 15... Nf6 (15... Bf6 $6 {Karpov} 16. Qh3) (15... Bf8 $6 {Karpov}) ({RR} 15... Bf8 16. Qh3 Nf6 17. Nf3 Qb6 18. Ba2 Bg7 19. Qh4 Nd5 20. Nc3 Nce7 21. Nxd5 Nxd5 22. Bh6 f6 23. Bxg7 Kxg7 24. Rab1 Bd7 25. Rfe1 Be8 26. Qe4 Bf7 27. h4 h6 28. Re2 Rac8 29. Rbe1 Rc6 30. Bb1 {Milov,V (2635)-Karpov,A (2745) Biel 1997 ½-½ (80)}) ({RR} 15... Bf6 16. Ne4 Bg7 17. Bg5 Rf8 18. N2c3 Nxc3 19. bxc3 e5 20. d5 Na5 21. d6 Qb6 22. Bd5 Nc6 23. Qg3 Bf5 24. Nf6+ Kh8 25. Qh4 h5 26. Bf3 {1-0 (26) Milov,V (2624)-Klauser,M (2389) Leukerbad 2015}) 16. Rd1 Bf8 { e7-f8-g7; x d4} (16... Kg7 {Karpov} 17. Qh3 $1 e5 18. Qh6+ $3 Kxh6 19. Ne6+ g5 20. Nxc7) 17. Bf4 $146 ({RR} 17. Qf3 Bg7 18. Bf4 Qe7 19. Qe3 Nd5 {½-½ (19) Dumitrache,D (2495)-Lengyel,L (2330) Hungary 1998}) 17... Qe7 { b7-b6, c8-b7, f8-g7, a8-c8} (17... Qa5 $6 {Karpov}) (17... Qb6 $6 {Karpov}) 18. Qe3 $6 (18. Qf3 Bg7 19. Rac1 Nd5 $132) (18. Nf3 $5 Bg7 19. Bg5 $5 {(d3-e3-f4)} (19. Ne5 Nxe5 20. Bxe5 Bd7 21. Nc3 Bc6 $132) 19... e5 20. Qe3 exd4 21. Qxe7 Nxe7 22. Ne5 $5 $36) (18. Rac1 {Karpov x c8}) (18. Nf3 {Ftacnik}) 18... Nd5 19. Bxd5 (19. Qg3 $2 {Karpov} Nxf4 20. Nxf4 (20. Qxf4 Bh6 21. h4 f6 $17) 20... Nxd4 21. Qh3) (19. Qh3 $2 {Karpov} h6 20. Nf3 e5 $19) 19... exd5 $15 {Two bishops for nothing.} (19... Rxd5 $6 {Karpov} 20. Nc3 Rd8 21. d5 $1) 20. Nf3 (20. Qxe7 $142 {Karpov} Bxe7 21. h3) 20... Qxe3 21. fxe3 (21. Bxe3 Bg4 $15 {(22...xf3)} (21... Bg4 $1 {Karpov} 22. Rd3)) 21... f6 $1 {Stops all white`s hopes for counterplay. With control over[×e5] square. Karpov is happy about the opening, the bishops pair and good control of the central squares are promising a pleasant game.} 22. Rac1 Bf5 (22... g5 {Ftacnik} 23. Bc7 $5 Rd7 24. Bg3) 23. h3 { g2-g4-g5} h5 24. Nc3 $2 (24. Ng3 $5 {(Seirawan,Y;Christiansen,L)} Be6 25. e4 $1 {(26.e5)} Bg7 (25... dxe4 26. Nxe4 Be7 27. Nc5 $132) 26. e5 {(×e5)with good chances to equalize the game.}) (24. Nh4 {Karpov} Be4 25. Nc3 g5) 24... g5 $1 25. Bh2 h4 $1 $17 {Baburin: Black has a very pleasant endgame, which Karpov converted into a win.} 26. Nd2 {[27.f1]} Kf7 (26... Kg7 $1 {Karpov}) (26... Rd7 $6 27. e4 $1 dxe4 28. Ndxe4 $132) 27. Nb3 (27. Nxd5 Rxd5 28. e4 Rxd4 (28... Bxe4 29. Nxe4 Rad8 30. Rf1 Be7 $15) 29. exf5 Rad8 30. Rc2 Bh6 $17 {(31...g5)}) (27. Rf1 Kg6 28. Rf2 Bd3 $15) 27... Rac8 28. Nb5 (28. Nc5 {Ftacnik} b6) 28... a6 29. Nc3 {[c3-a4-b6;b3-c5]} b5 $1 30. Ne2 (30. Nc5 {(31.b4)} b4 $1 (30... Bxc5 31. dxc5 d4 $15 (31... d4 {Ftacnik} 32. exd4 Nxd4 33. b4 $10)) 31. N3a4 (31. axb4 Nxb4 $15) 31... bxa3 32. bxa3 (32. Nb7 Re8 $17) 32... Na5 $15 {(33...c4)} (32... Na5 {Karpov} 33. Nb6 $1 Rc6 34. Nb7 $1)) 30... b4 {White have played a bit clumsily, so black managed to limit his pieces, fix the pawns tructure on the kingside and grab the full control of the position.} 31. a4 (31. axb4 {Karpov} Nxb4 (31... Re8 $17)) (31. Nc5 Re8 32. Kf2 a5 $15) 31... Re8 32. Kf2 Kg6 33. Ng1 { g1-f3-d2, b3-c5, d2-b3} (33. Nc5 Na5 34. Nxa6 Nc4 35. Nc7 Red8 36. b3 Na5 $17 (36... Nb2 37. Rd2 Nd3+ $15)) 33... Na7 { 34...c2} 34. Nc5 (34. Rxc8 {Karpov} Rxc8 35. Rc1 Bc2 36. Na1 Bxa4) (34. Nf3 $2 Bc2 $19) 34... Rc6 35. Nf3 (35. Nd3 Rxc1 36. Nxc1 Bc2 $19) 35... Rec8 36. b3 (36. Nd2 {Karpov  37.b3} Bxc5 37. dxc5 Rxc5 38. Nb3 Rc2+ 39. Rxc2 Bxc2 40. Rc1 Bxb3 $19) 36... a5 $1 {typical for Karpov..} (36... Bxc5 37. Rxc5 Rxc5 38. dxc5 Rxc5 39. Bd6 (39. Nd4 {Karpov  40.d6}) 39... Rc2+ 40. Kf1 {with chances to survive}) 37. Ke2 (37. g4 hxg3+ 38. Kxg3 Be4 39. Kf2 Bxc5 40. Rxc5 Rxc5 41. dxc5 Rxc5 $19) 37... Be4 38. Kd2 {and only now, when all pieces are placed perfectly...} (38. Nxe4 $2 {Karpov} dxe4 39. Rxc6 exf3+) 38... Bxc5 39. dxc5 Rxc5 40. Rxc5 Rxc5 41. Rc1 (41. Nd4 Nc6 (41... Bxg2 $19) 42. Bd6 Nxd4 $1 43. exd4 (43. Bxc5 Nxb3+ $19) 43... Rc2+ (43... Rc3 $5 {Karpov}) 44. Ke1 Bxg2 $19) 41... Rxc1 42. Kxc1 Nc6 $17 (42... g4 $5 {Karpov} 43. Nxh4+ (43. hxg4 h3 44. Nh4+ Kg5 45. g3 Kxg4) 43... Kg5 44. Bg3 gxh3 45. gxh3 Nc6 $17) 43. Bc7 f5 (43... d4 44. exd4 Bxf3 45. gxf3 Nxd4 46. Kd1 $1 Nxb3 47. Bb6 $1 f5 48. Kc2 g4 49. Kxb3 $1 gxh3 50. Bg1) 44. Kd2 {} d4 $1 {Karpov is a perfect technician and with gusto turns opposite colour bishops into his advantage. Both b3 and g2 pawns are firmly fixed on the squares of the wrong colour.} (44... Bxf3 45. gxf3 g4 46. fxg4 fxg4 47. hxg4 Kg5 48. e4 dxe4 49. Ke3 Kxg4 50. Kxe4 {Seirawan,Christiansen}) 45. exd4 (45. Nxd4 Nxd4 46. exd4 Bxg2 47. Bxa5 Bxh3 (47... g4 48. hxg4 fxg4 49. Bxb4 g3 50. Ke3 Kf5 { 51...g4, 52...h3}) 48. Bxb4 Bg2 $19 (48... f4 49. Ke2 Be6 $19)) 45... f4 {[46...f4,47...xf3(47...g4)]} (45... Bxf3 46. gxf3 Nxd4 47. Bb6 $1 Nxf3+ (47... Nxb3+ 48. Kc2) 48. Ke2 (48. Ke3 $13) 48... g4 49. hxg4 fxg4 50. Bxa5 (50. Kf2 $5) 50... Nd4+ 51. Kf2 Nxb3 52. Bxb4 $10) 46. Ke2 (46. Ne5+ Nxe5 47. dxe5 Bxg2 48. Bxa5 Bxh3 49. Bxb4 Be6 50. Kc2 h3 $19) (46. Bb6 Bd5 47. Kc2 Kf5 $19) 46... Bd5 47. Kf2 {[×g2]} (47. Nd2 Bxg2 $19) 47... Bxb3 48. Ne5+ Nxe5 49. dxe5 Bxa4 50. Bxa5 b3 51. Bc3 Kf5 $19 {White can`t prevent appearence of the second pass pawn on the K-side.} 52. Bb2 Bc6 {The importance of the fixed pawn structure becomes absolutely clear.} 53. Kf1 Bd5 54. Kf2 Ke4 { e4-d3-c2} 55. Ke2 Bc4+ 56. Kd2 (56. Kf2 Kd3 57. Kf3 Be6 58. Ba3 Kc2 59. Ke4 b2 60. Bxb2 Kxb2 61. Kd4 g4 62. hxg4 f3 63. Ke3 fxg2 64. Kf2 h3 $19) 56... f3 57. gxf3+ Kxf3 58. e6 (58. Kc3 Be6 59. Kb4 g4 $19) 58... Bxe6 59. Bf6 g4 60. hxg4 h3 61. Be5 Bxg4 {[62...g2,63...h2]} (61... Bxg4 {Karpov} 62. Kc3 Be6 (62... Be6 63. Kb2 Kg2 $19)) 0-1

[Event "Chess Champions League"]
[Site "Vitoria Gasteiz"]
[Date "2007.11.13"]
[Round "9"]
[White "Kasimdzhanov, Rustam"]
[Black "Karpov, Anatoly"]
[Result "1-0"]
[WhiteElo "2690"]
[BlackElo "2670"]
[Annotator "Postny,Evgeny"]
[PlyCount "65"]
[EventDate "2007.11.02"]
[EventType "tourn"]
[EventRounds "10"]
[EventCountry "ESP"]
[EventCategory "19"]
[SourceTitle "CBM 122"]
[Source "ChessBase"]
[SourceDate "2008.01.30"]
[SourceVersion "1"]
[SourceVersionDate "2008.01.30"]
[SourceQuality "1"]

1. d4 Nf6 2. c4 e6 3. Nc3 Bb4 4. Qc2 d5 5. a3 Bxc3+ 6. Qxc3 Ne4 7. Qc2 c5 8. dxc5 Nc6 9. cxd5 exd5 10. e3 {A rare move. Usually, White starts with 10.f3. But, Kasimdzhanov has his own approach to this line. The move in the text keeps a possibility for White to develop the knight to e2.} ({One of the main lines is} 10. Nf3 Bf5 (10... Qa5+ 11. Bd2 Qxc5 {is not enough for equality.}) 11. b4 d4 12. g4 Bg6 {This has appeared at the top level as well.}) 10... Qa5+ (10... Bf5 11. Bd3 Ne5 (11... Qg5 12. f3 Qh4+ 13. Kf1 Ng3+ 14. hxg3 Bxd3+ 15. Qxd3 Qxh1 16. b4 O-O 17. Bb2 Rfe8 18. Kf2 Qh6 19. Ne2 $44 {½-½ Kasimdzhanov,R (2683)-Aronian,L (2750)/Mainz 2007/CBM 120 (35)}) 12. Nf3 Nxd3+ 13. Qxd3 Ng3 14. e4 $1 Nxe4 (14... Bxe4 $4 15. Qb5+ $18) 15. O-O O-O 16. Qd4 Qf6 17. Qxf6 Nxf6 18. Nd4 Bg6 19. Bf4 $14 {½-½ Kasimdzhanov,R (2682)-Asrian,K (2634)/France 2007/CBM 116 ext (44)}) 11. b4 $5 (11. Bd2 Nxd2 12. Qxd2 {Compared to the variation 10.f3, here White can't recapture with the knight.} Qxc5 {Black has no problems. White needs a lot of time to complete his kingside development.}) 11... Nxb4 12. axb4 Qxa1 13. Bb5+ Kf8 (13... Bd7 $6 14. Bxd7+ Kxd7 15. Ne2 {Black's king is very unsafe.}) 14. Ne2 a5 $2 {This pawn needs to move, but actually this is a serious mistake. Opening the a-file does not prevent a smooth development of White's initiative.} ({Just a few days later the same opponents met in the World blitz championship, but this time Karpov came up with an improvement:} 14... a6 $1 15. Bd3 Bd7 {[%cal Gd7a4]} 16. f3 Ba4 {White's queen is trapped for an exchange. Therefore, the whole line is not promising for White.} 17. Qb2 Qxb2 18. Bxb2 Ng5 {White's compensation for an exchange might be sufficient for equality at best.} 19. Kd2 Rc8 20. Ra1 Bd7 21. Nf4 Bc6 22. Bf5 Re8 23. Ne2 Ne6 24. h4 h5 25. Be5 Rh6 26. Bd6+ Kg8 27. Bd3 Rd8 28. Be7 Re8 29. Bd6 Rd8 30. Be7 Re8 31. Bd6 {½-½ Kasimdzhanov,R (2690)-Karpov,A (2670)/Moscow 2007/EXT 2008}) 15. f3 Nf6 (15... Ng5 16. O-O (16. e4 $6 Ne6 17. exd5 Nd4 18. Nxd4 Qxd4 $13) 16... Qf6 17. Nf4 {with an overwhelming initiative.}) 16. O-O Qe5 (16... axb4 17. Bb2 Qa7 18. Ra1 Qb8 {looks very awkward, but was the least of the evils for Black.} (18... Qxa1+ 19. Bxa1 Rxa1+ 20. Kf2 $16)) 17. e4 $1 {Opening the diagonal for the dark-squared bishop.} dxe4 18. Bf4 Qf5 19. g4 $1 Qg6 20. Qd2 $146 ({RR} 20. Bd6+ Kg8 21. Nf4 Qg5 22. Bc4 g6 23. h4 Qxh4 24. Ng2 Qh3 25. Qc3 {1-0 (25) Ivanisevic,I (2650)-Stojanovic,D (2505) Kragujevac 2016}) 20... Be6 (20... Bxg4 21. Bd6+ Kg8 22. Nf4 {does not save Black. White's pieces are excellently coordinated.}) 21. Bb8 $1 {[%cal Gd2d6] A nice touch.} Nd5 {This move loses by force, though the alternatives are not much better.} (21... Bd7 22. Nf4 Qh6 23. Qd6+ Kg8 24. Bc4 $18) (21... Bd5 22. Nf4 Qh6 23. Be5 (23. Bd6+ $2 Kg8 24. Nxd5 Qxd2 25. Ne7+ Kf8 26. Ng6+ {is only a perpetual check.}) 23... Bc6 24. Bc4 $1 {with a strong attack.}) 22. Nf4 Qh6 23. Nxe6+ Qxe6 (23... fxe6 24. fxe4+ $18 {Check!}) 24. Bd6+ Kg8 25. Bc4 $18 exf3 26. Bxd5 Qxg4+ 27. Kh1 axb4 {After losing the knight, Black is still materially ahead, but all his extra pawns are of no significance. White's bishops are so powerful, that the final assault against the black monarch is as fast as it is easy.} 28. Bxf3 Qc4 29. Qg2 h5 30. Bd5 Qg4 31. Bxf7+ Kh7 32. Qc2+ g6 33. Bxg6+ $1 {[%mdl 128] Well played by Kasimdzhanov!} (33. Bxg6+ Qxg6 34. Rf7+ Kh6 35. Bf4+ {mating.}) 1-0

[Event "World-ch28 Karpov-Kortschnoj +6-5=21"]
[Site "Baguio City"]
[Date "1978.08.01"]
[Round "7"]
[White "Kortschnoj, Viktor Lvovich"]
[Black "Karpov, Anatoly"]
[Result "1/2-1/2"]
[WhiteElo "2665"]
[BlackElo "2725"]
[PlyCount "83"]
[EventDate "1978.07.18"]
[EventType "match"]
[EventRounds "32"]
[EventCountry "PHI"]
[SourceTitle "MainBase"]
[Source "ChessBase"]
[SourceDate "1999.07.01"]
[SourceVersion "2"]
[SourceVersionDate "1999.07.01"]
[SourceQuality "1"]

1. d4 Nf6 2. c4 e6 3. Nc3 Bb4 4. e3 O-O 5. Bd3 c5 6. d5 b5 7. dxe6 fxe6 8. cxb5 Bb7 9. Nf3 d5 10. O-O Nbd7 11. Ne2 Qe8 $146 ({RR} 11... e5 12. Bf5 Qb6 13. a3 Ba5 14. Qa4 c4 15. b4 cxb3 16. Qxb3 Nc5 17. Qb1 Rae8 18. a4 Nfe4 19. Ng3 Nc3 20. Qc2 g6 21. Bh3 Rxf3 22. gxf3 d4 23. exd4 exd4 24. Bd2 d3 25. Qb2 Re2 26. Nxe2 {Flear,G (2516)-Illescas Cordoba,M (2602) Plovdiv 2003 ½-½ (37)}) 12. Ng3 e5 13. Bf5 g6 14. Bh3 a6 15. Ng5 axb5 16. Ne6 c4 17. Bd2 Bc5 18. Nc7 Qe7 19. Nxa8 Rxa8 20. a3 Nb6 21. Qc2 Bc8 22. Bxc8 Rxc8 23. Ba5 Nbd7 24. Qd2 Bd6 25. Bb4 Nc5 26. Bxc5 Bxc5 27. Kh1 Qd6 28. Rad1 Kh8 29. Qc2 Qe6 30. Ne2 Qc6 31. h3 Re8 32. b4 Bb6 33. Qb2 Kg8 34. Rfe1 Kf7 35. Qc2 d4 36. Ng3 Rd8 37. exd4 exd4 38. Qd2 d3 39. Qh6 c3 40. Ne4 Nxe4 41. Qxh7+ Kf8 42. Qh8+ 1/2-1/2

[Event "Najdorf Memorial 12th"]
[Site "Buenos Aires"]
[Date "2001.09.08"]
[Round "5"]
[White "Kortschnoj, Viktor Lvovich"]
[Black "Karpov, Anatoly"]
[Result "1/2-1/2"]
[WhiteElo "2617"]
[BlackElo "2692"]
[PlyCount "41"]
[EventDate "2001.09.04"]
[EventType "tourn"]
[EventRounds "9"]
[EventCountry "ARG"]
[EventCategory "14"]
[SourceTitle "CBM 085"]
[Source "ChessBase"]
[SourceDate "2001.11.13"]
[SourceVersion "1"]
[SourceVersionDate "2001.11.13"]
[SourceQuality "1"]

1. d4 Nf6 2. c4 e6 3. Nc3 Bb4 4. e3 O-O 5. Bd3 d5 6. a3 Be7 7. Nf3 b6 8. O-O Bb7 9. cxd5 exd5 10. b4 Nbd7 11. Qb3 ({RR} 11. Bb2 a6 12. Qc2 Bd6 13. b5 Qe7 14. a4 axb5 15. axb5 Ne4 16. Qb3 Ndf6 17. Rad1 Ra5 18. Ne5 Rfa8 19. Nxe4 Nxe4 20. Qc2 Ra2 21. f3 Nf6 22. Ra1 Rxa1 23. Rxa1 Rxa1+ 24. Bxa1 h6 25. Kf2 Qe8 {Fus,J (2425)-Moroni,L (2555) Eforie Nord ROU 2025 ½-½ (52)}) 11... c6 12. Bd2 a5 $146 ({RR} 12... Bd6 13. a4 Qe7 14. Rfb1 a6 15. b5 axb5 16. axb5 c5 17. Bf5 g6 18. Bh3 h5 19. g3 Rfd8 20. Be1 Nf8 21. Na4 c4 22. Qb2 Qc7 23. Bb4 Bxb4 24. Qxb4 Ra5 25. Nc3 Rda8 26. Rxa5 Rxa5 27. Ne5 {Neverov,V (2492)-Braeuer,F (2275) Pardubice 2013 1-0 (76)}) ({RR} 12... Bd6 13. Rfe1 a5 14. Rac1 axb4 15. axb4 Qb8 16. Rb1 h6 17. h3 Re8 18. Nh4 Qd8 19. Nf5 Bf8 20. e4 Nxe4 21. Nxe4 dxe4 22. Bxe4 Nf6 23. Bf3 Qd7 24. Ne3 Qxd4 25. Bc3 Qf4 26. Nc4 Nd7 27. Red1 {Geller,E-Bobotsov,M Beverwijk 1965 ½-½}) 13. bxa5 Rxa5 14. e4 dxe4 15. Nxe4 Ra7 16. Nxf6+ Nxf6 17. Rfb1 Nd5 18. Bc4 c5 19. dxc5 Bxc5 20. Rd1 Nf6 21. Be3 1/2-1/2

[Event "World-ch28 Karpov-Kortschnoj +6-5=21"]
[Site "Baguio City"]
[Date "1978.07.27"]
[Round "5"]
[White "Kortschnoj, Viktor Lvovich"]
[Black "Karpov, Anatoly"]
[Result "1/2-1/2"]
[WhiteElo "2665"]
[BlackElo "2725"]
[PlyCount "247"]
[EventDate "1978.07.18"]
[EventType "match"]
[EventRounds "32"]
[EventCountry "PHI"]
[SourceTitle "MainBase"]
[Source "ChessBase"]
[SourceDate "1999.07.01"]
[SourceVersion "2"]
[SourceVersionDate "1999.07.01"]
[SourceQuality "1"]

1. c4 Nf6 2. d4 e6 3. Nc3 Bb4 4. e3 c5 5. Nge2 d5 6. a3 Bxc3+ 7. Nxc3 cxd4 8. exd4 dxc4 9. Bxc4 Nc6 10. Be3 O-O 11. O-O b6 12. Qd3 Bb7 13. Rad1 h6 14. f3 Ne7 ({RR} 14... Rc8 15. Bf2 Rc7 16. Ba2 Rd7 17. Rfe1 Re8 18. d5 Ne7 19. Bc4 Nexd5 20. Bb5 Nxc3 21. Bxd7 Nxd1 22. Rxd1 Rf8 23. Bh4 Bd5 24. Ba4 Qc7 25. Qe3 Rc8 26. Bxf6 gxf6 27. Bb3 Bxb3 28. Qxb3 Qc2 29. Rd3 {Miles,A (2565)-Andersson,U (2630) Bugojno 1984 0-1 (43)}) 15. Bf2 Nfd5 ({RR} 15... Ned5 16. Ne2 Rc8 17. Rc1 Qd7 18. Bb5 Bc6 19. Bxc6 Rxc6 20. Rxc6 Qxc6 21. Rc1 Nf4 22. Rxc6 Nxd3 23. b4 Nd5 24. g3 Rd8 25. Kf1 Nxf2 26. Kxf2 Kf8 27. f4 Ke7 28. Kf3 Kd7 29. Rc1 a6 30. Ke4 {Terzic,T (2184)-Novakovic,M (1823) Belgrade 2017 ½-½ (47)}) 16. Ba2 Nf4 $146 ({RR} 16... Rc8 17. Bb1 Ng6 18. Ne2 Qd7 19. h4 f5 20. Bg3 Qf7 21. Rfe1 Rfe8 22. Qd2 Qf6 23. h5 Nf8 24. Kf2 Qf7 25. Rh1 Nd7 26. Rh4 N7f6 27. Rdh1 Nd7 28. Ba2 Red8 29. R4h3 N7f6 30. Be5 Ng4+ 31. fxg4 {Knaak,R (2515)-Bach,E Badenweiler 1990 1-0 (36)}) ({RR} 16... Re8 17. Bb1 Ng6 18. Bg3 Qd7 19. Rfe1 Nde7 20. Bf2 Rac8 21. h4 Nd5 22. Bg3 Nxc3 23. bxc3 Bd5 24. h5 Nf8 25. Rc1 Bc4 26. Qe4 Qe7 27. a4 f5 28. Qf4 Qg5 29. Qh4 Qxh4 30. Bxh4 Bb3 31. Kf2 {Levitt,J (2455)-Assmann,T (2330) Badenweiler 1990 1-0 (51)}) 17. Qd2 Nfg6 18. Bb1 Qd7 19. h4 Rfd8 20. h5 Nf8 21. Bh4 f6 22. Ne4 Nd5 23. g4 Rac8 24. Bg3 Ba6 25. Rfe1 Rc6 26. Rc1 Ne7 27. Rxc6 Qxc6 28. Ba2 Qd7 29. Nd6 Bb7 30. Nxb7 Qxb7 31. Qe3 Kh8 32. Rc1 Nd5 33. Qe4 Qd7 34. Bb1 Qb5 35. b4 Qd7 36. Qd3 Qe7 37. Kf2 f5 38. gxf5 exf5 39. Re1 Qf6 40. Be5 Qh4+ 41. Bg3 Qf6 42. Rh1 Nh7 43. Be5 Qg5 44. Qxf5 Qd2+ 45. Kg3 Nhf6 46. Rg1 Re8 47. Be4 Ne7 48. Qh3 Rc8 49. Kh4 Rc1 50. Qg3 Rxg1 51. Qxg1 Kg8 52. Qg3 Kf7 53. Bg6+ Ke6 54. Qh3+ Kd5 55. Be4+ Nxe4 56. fxe4+ Kxe4 57. Qg4+ Kd3 58. Qf3+ Qe3 59. Kg4 Qxf3+ 60. Kxf3 g6 61. Bd6 Nf5 62. Kf4 Nh4 63. Kg4 gxh5+ 64. Kxh4 Kxd4 65. Bb8 a5 66. Bd6 Kc4 67. Kxh5 a4 68. Kxh6 Kb3 69. b5 Kc4 70. Kg5 Kxb5 71. Kf5 Ka6 72. Ke6 Ka7 73. Kd7 Kb7 74. Be7 Ka7 75. Kc7 Ka8 76. Bd6 Ka7 77. Kc8 Ka6 78. Kb8 b5 79. Bb4 Kb6 80. Kc8 Kc6 81. Kd8 Kd5 82. Ke7 Ke5 83. Kf7 Kd5 84. Kf6 Kd4 85. Ke6 Ke4 86. Bf8 Kd4 87. Kd6 Ke4 88. Bg7 Kf4 89. Ke6 Kf3 90. Ke5 Kg4 91. Bf6 Kh5 92. Kf5 Kh6 93. Bd4 Kh7 94. Kf6 Kh6 95. Be3+ Kh5 96. Kf5 Kh4 97. Bd2 Kg3 98. Bg5 Kf3 99. Bf4 Kg2 100. Bd6 Kf3 101. Bh2 Kg2 102. Bc7 Kf3 103. Bd6 Ke3 104. Ke5 Kf3 105. Kd5 Kg4 106. Kc5 Kf5 107. Kxb5 Ke6 108. Kc6 Kf6 109. Kd7 Kg7 110. Be7 Kg8 111. Ke6 Kg7 112. Bc5 Kg8 113. Kf6 Kh7 114. Kf7 Kh8 115. Bd4+ Kh7 116. Bb2 Kh6 117. Kg8 Kg6 118. Bg7 Kf5 119. Kf7 Kg5 120. Bb2 Kh6 121. Bc1+ Kh7 122. Bd2 Kh8 123. Bc3+ Kh7 124. Bg7 1/2-1/2